00458nam a22001457a 4500003000400000005001700004008004100021040002200062082001900084100002000103245008000123260007200203300002100275650001600296OSt20260428082635.0260428b |||||||| |||| 00| 0 eng d aDWCL-Main libcOC aFic. D772 1902 aDoyle, A. Conan aThe dealings o captain sharkey and other tales of pirates /cA. Conan Doyle aGarden city, New York : bGarden City Publishing Co., Inc.,cc1902. a260 p. ;c20 cm. a1. Fiction